000 00380nam a2200157Ia 4500
008 230917s9999||||xx |||||||||||||| ||und||
040 _e137909
_aMAIN
041 _aEnglish
082 _a658.8 A23B
100 _aAnderson, James C
245 0 _aBusiness market management
250 _a2nd ed.
260 _aDelhi
_bPearson Education
_c2007
300 _a480 p.
942 _cBK
999 _c147319
_d147319